000 00734nam a2200265 a 4500
001 vtls001192948
003 NLI
005 20210603151052.0
008 120328s1942 ii a f001 0 eng d
039 9 _y201203281646
_zVLOAD
040 _a NLI
_b eng
_c Entertech IMP - 2012
_e AACR2
041 0 _aeng
044 _aii
084 _a132.H.237
100 1 _aBenjamin, Harry
245 1 0 _aBetter sight without glasses /
_cby Harry Benjamin
260 _aAllahabad :
_bKitabistan,
_c1942
300 _a135 p. :
_bill. ;
_c17 cm.
650 0 _aEye
_xDiseases
_917374
650 0 _aMan
_xEyes
_xDiseases
_xNatural remedies
_9626192
887 _a
901 _aIMP80070 :
_b23.10.2010
902 _a132.H.237
942 _2ddc
_cBKS
999 _c463563
_d463563